Normal view
MARC view
- Regis J.Bates , Donald W.Gregory
Entry Personal Name
001 - CONTROL NUMBER
- control field: 104306
003 - CONTROL NUMBER IDENTIFIER
- control field: NUST
005 - DATE AND TIME OF LATEST TRANSACTION
- control field: 20221207100325.0
008 - FIXED-LENGTH DATA ELEMENTS
- fixed length control field: 221207|| aca||aabn | a|a d
040 ## - CATALOGING SOURCE
- Original cataloging agency: NUST
- Transcribing agency: NUST
100 ## - HEADING--PERSONAL NAME
- Personal name: Regis J.Bates , Donald W.Gregory
670 ## - SOURCE DATA FOUND
- Source citation: Work cat.: (NUST)190628: Regis J.Bates , Donald W.Gregory, Voice & Data Communications Handbook /, 2003
